TEXTBOOK OF PULMONARY & CRITICAL CARE MEDICINE. (Record no. 217000)

MARC details
000 -LEADER
fixed length control field 00602nam a22001937a 4500
008 - FIXED-LENGTH DATA ELEMENTS--GENERAL INFORMATION
fixed length control field 260420b |||||||| |||| 00| 0 eng d
020 ## - INTERNATIONAL STANDARD BOOK NUMBER
International Standard Book Number 978-93-5696-621-5
050 ## - LIBRARY OF CONGRESS CALL NUMBER
Classification number RC 731 .T49 2025 V.2
100 ## - MAIN ENTRY--PERSONAL NAME
Personal name JINDAL, SURINDER K.
245 ## - TITLE STATEMENT
Title TEXTBOOK OF PULMONARY & CRITICAL CARE MEDICINE.
250 ## - EDITION STATEMENT
Edition statement 3RD
260 ## - PUBLICATION, DISTRIBUTION, ETC.
Place of publication, distribution, etc. NEW DELHI,
Name of publisher, distributor, etc. JAYPEE BROTHERS MEDICAL PUBLISHERS,
Date of publication, distribution, etc. 2025.
300 ## - PHYSICAL DESCRIPTION
Extent XXVIII, 1964 P, ILL.
500 ## - GENERAL NOTE
General note INCLUDES INDEX.
650 ## - SUBJECT ADDED ENTRY
Topical term or geographic name entry element 1. CRITITCAL CARE MEDICINE. 2. RESPIRATORY ORGANS DISEASES.
700 ## - ADDED ENTRY--PERSONAL NAME
Personal name RAOOF, SUHAIL.
942 ## - ADDED ENTRY ELEMENTS (KOHA)
Source of classification or shelving scheme Library of Congress Classification
Koha item type Long Loan Book
Holdings
Withdrawn status Lost status Source of classification or shelving scheme Damaged status Not for loan Collection Home library Current library Shelving location Date acquired Inventory number Total checkouts Full call number Barcode Date last seen Copy number Price effective from Koha item type
    Library of Congress Classification     Medicine Kisii University Library Kisii University Library On Display 04/20/2026 113103   RC 731 .T49 2025 V.2 a001870 04/20/2026 1 04/20/2026 Long Loan Book
    Library of Congress Classification     Medicine Kisii University Library Kisii University Library On Display 04/20/2026 113104   RC 731 .T49 2025 V.2 a001871 04/20/2026 2 04/20/2026 Long Loan Book
    Library of Congress Classification     Medicine Kisii University Library Kisii University Library On Display 04/20/2026 113105   RC 731 .T49 2025 V.2 a001872 04/20/2026 3 04/20/2026 Long Loan Book
    Library of Congress Classification     Medicine Kisii University Library Kisii University Library On Display 04/20/2026 113106   RC 731 .T49 2025 V.2 a001873 04/20/2026 4 04/20/2026 Long Loan Book